| 000 | 01296nam0a22003131 4500 | ||
|---|---|---|---|
| 001 | rc\2134532 | ||
| 005 | 20250623092124.0 | ||
| 035 | _a(NLR Aleph) 006700923 | ||
| 090 |
_a5243275 _c5243275 |
||
| 100 | _a20110829d1978 |||y0rusy50 ca | ||
| 101 | 0 | _arus | |
| 102 | _aRU | ||
| 105 | _aab i ||||| | ||
| 200 | 1 |
_aВодный баланс Северной Америки _dWater balance of North Americs |
|
| 210 |
_aМосква _cНаука _d1978 |
||
| 215 |
_a78 с. _cил., карт. _d26 |
||
| 225 | 1 |
_aРезультаты исследований и международных геофизических проектам _fМеждувед. геофиз., ком. при Президиуме АН СССР _iВодный баланс материков земного шара |
|
| 300 | _aРез. англ. | ||
| 320 | _aСписок лит.: с. 70-76 | ||
| 510 | 0 |
_aWater balance of North Americs _zrus |
|
| 606 |
_aВодный баланс земной поверхности _xСеверная Америка _2psbo |
||
| 700 | 1 |
_aДрейер _bН.Н. _gНаталия Николаевна |
|
| 801 | 0 |
_aRU _bNLR _gpsbo |
|
| 801 | 1 |
_aRU _bELAR _2rusmarc |
|
| 852 |
_aNLR _j77-7/2412 |
||
| 899 |
_aRuMoRGB _jБ 78-12/49 |
||
| 899 |
_aRuMoRGB _jБ 78-12/50 |
||
| 942 | _cBOOK | ||
| 980 | _aNB | ||